00582nam a2200193 a 450000500170000000800410001701000130005802000100007103500130008103700150009404000180010908200060012724500820013326000380021527000690025330000340032265000110035670000210036720090905152919.0060731s1999 nyua b 000 0 eng d aB-357048 c40.00 aB-357048 bDBAD / PUB adplbEnglish  aS aTinkel where learning meets fun:cedited by Luis Fernandes bdigest no. 210 / aMumbai bAmar Chitra Katha c2009 a14, Marthanda 84, Dr. Annie Besant Road, Worli,bMumbai e400018 a96p.:c18cm(pbk) bcol. ill.  2Tales  aFernandes, Luis